| 000 | 01809cam a2200433 a 4500 | ||
|---|---|---|---|
| 999 |
_c2438 _d2438 |
||
| 001 | 1621922 | ||
| 003 | OSt | ||
| 005 | 20230601094033.0 | ||
| 008 | 190805s2018 nyuab c 000 1 eng d | ||
| 010 | _a2011279918 | ||
| 020 |
_a9780545341011 _q(pbk.) : |
||
| 040 |
_aKML _beng _cKML _eaacr2 _dKH8 |
||
| 041 | 1 |
_aeng _hita |
|
| 042 | _anbic | ||
| 043 | _aa-ja--- | ||
| 082 | 0 | _aFIC STI | |
| 100 | 1 |
_aStilton, Geronimo. _eAuthor |
|
| 240 | 0 | 0 |
_aSegreto dei tre samurai. _lEnglish. |
| 245 | 1 | 4 |
_aThe way of the samurai / _c[Text by] Geronimo Stilton ; [illustrations by Blasco Pisapia and Danilo Barozzi] |
| 260 |
_aNew York : _bScholastic, _c2018. |
||
| 300 |
_a106 p. : _bcol. ill., maps ; _c20 cm. |
||
| 490 | 1 |
_aGeronimo Stilton ; _v49. |
|
| 500 | _aLexile 660. | ||
| 500 | _aTranslation of: Segreto dei tre samurai. | ||
| 520 | _aWhen Wild Willie showed up at my door and invited me to travel with him to Japan, I jumped at the chance. We were in search of an ancient, legendary samurai scroll that holds the secret to a long-lost fighting technique. The scroll had fallen into the wrong hands, and it was up to me and Wild Willie to track it down and save the day. But first, we would have to fight a group of talented ninjas. Holey cheese -- this would be one adventure I would never forget! | ||
| 521 | 8 | _aRL3. | |
| 521 | 8 | _a007-010. | |
| 650 | 0 |
_aMice _vJuvenile fiction. |
|
| 650 | 0 |
_aAnimals _vJuvenile fiction. |
|
| 650 | 0 |
_aJournalists _vJuvenile fiction. |
|
| 650 | 0 |
_aAdventure stories _vJuvenile fiction. |
|
| 650 | 0 |
_aSamurai _vJuvenile fiction. |
|
| 650 | 0 |
_aNinja _vJuvenile fiction. |
|
| 650 | 0 |
_aScrolls _vJuvenile fiction. |
|
| 700 | 1 |
_aPisapia, Blasco. _eIllustrator |
|
| 700 | 1 |
_aBarozzi, Danilo. _eIllustrator |
|
| 830 | 0 |
_aGeronimo Stilton ; _v49. |
|
| 942 |
_2ddc _cFIC |
||